00237nam a2200109Ia 4500100002000000650001200020245001400032260004800046082001300094300000800107546001200115 aHughes &hughes  aGeneral aEducation bEnglish language book societyaLondonc1965 a370bHug a296 aENGLISH